000 00239nmm a2200085Ia 4500
008 220120s9999||||xx |||||||||||||||||und||
100 _aDIGIT-JAN-2009
245 0 _aAshampoo, Xampp, fast trak to PHP, auto CAD 2009, introducti
260 _c2009
999 _c139273
_d139273